000 00849nam a2200241Ia 4500
001 17997
003 GE_BSU
008 181216s||||||||xx |||||||||||||| ||und||
040 _cGE_BSU
080 _a821.353.1-4 + 94(479.22)
100 _aნატროშვილი, თ. (თამაზ)
245 _aწელი ერთი და ათასი
245 _cრედ. ლ.არაბიძე. მხატვ. ნ. ნარიმანიძე
260 _aთბილისი
260 _bმერანი
260 _c1988
300 _a319 გვ. ; 20 სმ.
541 _h1ლ.30თ.
653 _aმხატვრ.-ისტ. ნარკვევები
653 _aსაქართველოს ისტორია
653 _aწელი ერთი და ათასი
942 _cBK
999 _c51040
_d51040